[Event "AUTO-ADV-645"]
[Site "http://www.queenalice.com/game.php?id=270327"]
[Date "2007.9.11"]
[Round "1"]
[White "mandarin"]
[Black "razoman"]
[Result "0-1"]
[WhiteElo "1627"]
[BlackElo "1913"]

1. e4 c5 2. Nf3 a6 3. Bc4 e6 4. O-O d6 5. Nc3 Nc6 6. Re1 b5 7. Be2 h6 8. d4 cxd4
9. Nxd4 Bb7 10. Bg4 Nxd4 11. Qxd4 Rc8 12. Qa7 Qc7 13. Be3 Nf6 14. Bf3 e5 15. Bb6
Qc6 16. Rad1 Ra8 17. Qxa8+ Bxa8 18. Ba5 Be7 19. Nd5 Nxd5 20. exd5 Qxc2 21. Bg4
O-O 22. Rc1 Qxb2 23. Bb6 Bxd5 24. Rc7 Bd8 25. Rd7 Bxb6 26. Rxd6 Qxf2+ 27. Kh1
Qxe1# 0-1

[Event "AUTO-ADV-645"]
[Site "http://www.queenalice.com/game.php?id=270328"]
[Date "2007.9.11"]
[Round "1"]
[White "razoman"]
[Black "mandarin"]
[Result "1-0"]
[WhiteElo "1901"]
[BlackElo "1602"]

1. e4 e5 2. Nf3 Nc6 3. Bb5 Bc5 4. O-O Nd4 5. Nxd4 Bxd4 6. c3 Bb6 7. d4 c6 8. Be2
Ne7 9. Be3 O-O 10. Nd2 exd4 11. cxd4 d5 12. e5 Bf5 13. Nf3 a5 14. Bd3 Bxd3 15.
Qxd3 Ng6 16. Rfe1 Nh4 17. Ng5 g6 18. g4 Bc7 19. Bf4 f6 20. Ne6 Qe7 21. Nxf8 Rxf8
22. Bh6 Rf7 23. e6 Bxh2+ 24. Kxh2 Qd6+ 25. f4 Re7 26. Kh3 g5 27. fxg5 Ng6 28.
gxf6 Rxe6 29. Rxe6 Qxe6 30. Rf1 Kf7 31. Qg3 Qe2 32. Rf2 Qc4 33. Qc7+ Ke6 34.
Qc8+ Kf7 35. Qd7+ Kg8 36. Qg7# 1-0

[Event "AUTO-ADV-659"]
[Site "http://www.queenalice.com/game.php?id=276592"]
[Date "2007.9.24"]
[Round "1"]
[White "Wecker"]
[Black "mandarin"]
[Result "1-0"]
[WhiteElo "1627"]
[BlackElo "1548"]

1. e4 e5 2. Bc4 Nf6 3. d4 exd4 4. Nf3 h6 5. e5 Ng4 6. h3 Nxf2 7. Kxf2 Bc5 8. Kf1
O-O 9. Bf4 d6 10. Nbd2 Bf5 11. exd6 cxd6 12. c3 d3 13. b4 Bb6 14. Qe1 Re8 15.
Qg3 d5 16. Bxh6 g6 17. Bb3 Nc6 18. Re1 Bc7 19. Rxe8+ Qxe8 20. Qxc7 Kh7 21. Bf4
a5 22. Ng5+ Kg7 23. Bxd5 Qe2+ 24. Kg1 Rh8 25. Qxf7+ 1-0

[Event "AUTO-ADV-659"]
[Site "http://www.queenalice.com/game.php?id=276593"]
[Date "2007.9.24"]
[Round "1"]
[White "mandarin"]
[Black "Wecker"]
[Result "0-1"]
[WhiteElo "1562"]
[BlackElo "1613"]

1. e4 e5 2. Nf3 Nc6 3. Bb5 Bc5 4. O-O Nd4 5. Nxe5 Nxb5 6. d3 d6 7. Nc4 Be6 8.
Bf4 Nf6 9. a4 Bxc4 10. dxc4 Nd4 11. c3 Ne6 12. Bg5 h6 13. Bh4 g5 14. Bg3 Nxe4
15. Qh5 Nxg3 16. hxg3 Qe7 17. Nd2 O-O-O 18. Ne4 f5 19. Nxc5 Nxc5 20. Qg6 Rdf8
21. Rae1 Qf7 22. Qxf7 Rxf7 23. b4 Nxa4 24. Ra1 Nxc3 25. Rxa7 Ne2+ 0-1

[Event "AUTO-ADV-659"]
[Site "http://www.queenalice.com/game.php?id=276610"]
[Date "2007.9.24"]
[Round "1"]
[White "mandarin"]
[Black "Bobtzu"]
[Result "0-1"]
[WhiteElo "1635"]
[BlackElo "1999"]

1. e4 d5 2. e5 c5 3. c3 Bf5 4. Nf3 e6 5. d4 Nc6 6. Bb5 a6 7. Bd3 Bxd3 8. Qxd3
cxd4 9. cxd4 Bb4+ 10. Nc3 Nge7 11. O-O Bxc3 12. bxc3 Rc8 13. Bg5 b5 14. Rfe1 h6
15. Bh4 O-O 16. a4 Qa5 17. axb5 Qxb5 18. Qc2 Nf5 19. Bg3 Nxg3 20. hxg3 Qb6 21.
Reb1 Qa7 22. Qe2 Nb8 23. Rb4 Rxc3 24. Rab1 Rfc8 25. Kh2 R3c4 26. Rxc4 Rxc4 27.
Qd3 Nc6 28. Nd2 Rxd4 29. Qc2 Qd7 30. Nb3 Rc4 31. Qe2 a5 32. Nd2 Rb4 33. Nb3 Nd4
34. Qa2 Nxb3 35. Rxb3 Qa4 36. Ra3 Qd1 37. Rxa5 Rc4 38. Ra8+ Kh7 39. f3 Rc2 40.
Qb3 Rxg2+ 41. Kxg2 Qxb3 0-1

[Event "AUTO-ADV-659"]
[Site "http://www.queenalice.com/game.php?id=276611"]
[Date "2007.9.24"]
[Round "1"]
[White "Bobtzu"]
[Black "mandarin"]
[Result "1-0"]
[WhiteElo "2034"]
[BlackElo "1637"]

1. e4 e5 2. Nf3 Nc6 3. d4 exd4 4. Nxd4 Bc5 5. Be3 d6 6. Nxc6 bxc6 7. Bxc5 Be6 8.
Be3 Nf6 9. Nc3 O-O 10. Be2 d5 11. exd5 cxd5 12. O-O Re8 13. Bb5 Re7 14. Bc5 c6
15. Bxe7 Qxe7 16. Bxc6 Rd8 17. Qf3 Bg4 18. Qf4 d4 19. Ne4 Nd5 20. Bxd5 Rxd5 21.
Qxg4 h6 22. Rfe1 Qb7 23. Nf6+ Kh8 24. Nxd5 Qxd5 25. Re8+ Kh7 26. Qe4+ Qxe4 27.
Rxe4 Kg6 28. Rd1 f5 29. Re7 Kf6 30. Rxa7 g5 31. Rxd4 Ke6 32. b4 Ke5 33. c3 f4
34. b5 Kf5 35. b6 Ke5 36. b7 Kf5 37. b8=Q Kg4 38. Rg7 h5 39. Qxf4# 1-0

[Event "AUTO-ADV-659"]
[Site "http://www.queenalice.com/game.php?id=276612"]
[Date "2007.9.24"]
[Round "1"]
[White "mandarin"]
[Black "Donyelko"]
[Result "0-1"]
[WhiteElo "1627"]
[BlackElo "1903"]

1. e4 c5 2. c3 d6 3. Nf3 Nf6 4. Bc4 h6 5. O-O Nxe4 6. d3 Nf6 7. Bf4 e5 8. Bg3
Be7 9. Re1 O-O 10. d4 e4 11. Nh4 d5 12. Be2 c4 13. Nd2 Nh7 14. Nxe4 Bxh4 15. Bf4
dxe4 16. Bxc4 Be6 17. Bxh6 gxh6 18. Bxe6 fxe6 19. Rxe4 Bxf2+ 20. Kh1 Ng5 21. Qg4
Kh7 22. Qd1 Nxe4 23. Qd3 Qh4 24. Rf1 Kg8 25. c4 Ng3+ 26. Qxg3+ Bxg3 27. Kg1
Qxh2# 0-1

[Event "AUTO-ADV-659"]
[Site "http://www.queenalice.com/game.php?id=276613"]
[Date "2007.9.24"]
[Round "1"]
[White "Donyelko"]
[Black "mandarin"]
[Result "1-0"]
[WhiteElo "1916"]
[BlackElo "1652"]

1. e4 e5 2. Nf3 Nc6 3. Bc4 h6 4. d4 exd4 5. Nxd4 Nf6 6. Nxc6 bxc6 7. Qf3 Bc5 8.
O-O O-O 9. Nc3 d5 10. exd5 cxd5 11. Nxd5 Nxd5 12. Bxd5 Rb8 13. Rd1 Qe8 14. Qg3
Bd6 15. Qc3 Rb5 16. Bc6 Qe2 17. Re1 Bxh2+ 18. Kxh2 Rh5+ 19. Kg1 Qa6 20. Bf3 c5
21. Bxh5 Be6 22. Qg3 Qb5 23. Bxh6 Kh7 24. Qxg7# 1-0

[Event "AUTO-INT-454"]
[Site "http://www.queenalice.com/game.php?id=296168"]
[Date "2007.10.31"]
[Round "2"]
[White "Nakgada"]
[Black "mandarin"]
[Result "1-0"]
[WhiteElo "1939"]
[BlackElo "1517"]

1. d4 g6 2. c4 Bg7 3. e4 d6 4. Nf3 Bg4 5. Be2 Nc6 6. Nc3 e5 7. d5 Nd4 8. h3 Bxf3
9. Bxf3 a6 10. Be3 Ne7 11. Bg4 O-O 12. Ne2 Nxe2 13. Qxe2 b5 14. cxb5 a5 15. a4
Kh8 16. h4 h5 17. Bh3 Ng8 18. g3 Nf6 19. Qc2 Ng4 20. Bxg4 hxg4 21. Qe2 Qb8 22.
Qxg4 Rg8 23. h5 g5 24. Bxg5 Bh6 25. f4 Qb6 26. O-O-O Qe3+ 27. Kb1 1-0

[Event "AUTO-INT-454"]
[Site "http://www.queenalice.com/game.php?id=296169"]
[Date "2007.10.31"]
[Round "2"]
[White "mandarin"]
[Black "Nakgada"]
[Result "0-1"]
[WhiteElo "1519"]
[BlackElo "1937"]

1. e4 c5 2. c3 Nc6 3. Na3 Nf6 4. Qf3 e5 5. Bb5 Be7 6. Ne2 Qc7 7. O-O a6 8. Ba4
b5 9. Bb3 c4 10. Bd1 Bxa3 11. bxa3 d6 12. a4 b4 13. cxb4 Nxb4 14. Ba3 a5 15.
Bxb4 axb4 16. Bc2 Bd7 17. h3 Bxa4 18. Bb1 O-O 19. Ng3 Bc6 20. Re1 b3 21. a3 Qa5
22. d3 c3 23. Nf5 Qd8 24. Qg3 g6 25. d4 c2 26. Qxb3 cxb1=Q 0-1

[Event "AUTO-INT-454"]
[Site "http://www.queenalice.com/game.php?id=296170"]
[Date "2007.10.31"]
[Round "2"]
[White "ricardosf"]
[Black "mandarin"]
[Result "1-0"]
[WhiteElo "1440"]
[BlackElo "1606"]

1. Nf3 d5 2. e3 Nc6 3. Qe2 e5 4. b3 e4 5. Nd4 Nf6 6. Nxc6 bxc6 7. c4 Bb4 8. a3
Bd6 9. cxd5 Nxd5 10. f3 O-O 11. fxe4 Nf6 12. Bb2 Nxe4 13. h4 Ng3 14. Qf2 Bg4 15.
Bd3 Nxh1 16. Qg1 Qxh4+ 17. g3 Nxg3 18. Qf2 Qh1+ 19. Bf1 Bh3 20. d4 Nxf1 21. Ke2
Bg3 22. Qf3 Qh2+ 23. Kd3 Rae8 24. Qxc6 Rxe3+ 25. Kc4 Qc2+ 26. Bc3 1-0

[Event "AUTO-INT-454"]
[Site "http://www.queenalice.com/game.php?id=296171"]
[Date "2007.10.31"]
[Round "2"]
[White "mandarin"]
[Black "ricardosf"]
[Result "0-1"]
[WhiteElo "1583"]
[BlackElo "1463"]

1. e4 d5 2. e5 h5 3. d4 Bf5 4. h3 f6 5. e6 Qd6 6. Nf3 Qxe6+ 7. Be3 Qc6 8. Nc3 a5
9. a4 e5 10. Bb5 Qxb5 11. axb5 exd4 12. Nxd4 Bg6 13. Nxd5 Bd6 14. O-O c6 15.
bxc6 Nxc6 16. Ne6 Be4 17. Ndc7+ Bxc7 18. Nxc7+ Kf7 19. Nxa8 Nge7 20. Nc7 Nf5 21.
Qd7+ Nce7 22. Bc5 Bc6 23. Qd3 Rc8 24. Qc4+ Nd5 25. Nxd5 Bxd5 26. Qxd5+ Kg6 27.
Rxa5 b6 0-1

[Event "QA-ANNIV-03"]
[Site "http://www.queenalice.com/game.php?id=316045"]
[Date "2007.12.6"]
[Round "4"]
[White "MrRonMosley"]
[Black "mandarin"]
[Result "1-0"]
[WhiteElo "1610"]
[BlackElo "1633"]

1. a4 e5 2. e4 a5 3. b3 Nc6 4. Bc4 h6 5. Nc3 Bb4 6. Qf3 Nf6 7. Nge2 Nd4 8. Qg3
O-O 9. Qxe5 Nxc2+ 10. Kd1 Nxa1 11. Nd5 Nxb3 12. Bxb3 d6 13. Nxf6+ gxf6 14. Qg3+
Kh7 15. d3 Rg8 16. Qe3 Rxg2 17. Bxf7 1-0